R v Huelin (VO) ex p Murphy; R v Hodgetts (VO) ex p Nationwide Building Society (Record no. 66328)

MARC details
000 -LEADER
fixed length control field 00776cam a2200193 4500
001 - CONTROL NUMBER
control field X111308
008 - FIXED-LENGTH DATA ELEMENTS--GENERAL INFORMATION
fixed length control field 000000n2001 000 0 eng u
035 ## - SYSTEM CONTROL NUMBER
System control number (Sirsi) u111308
245 ## - TITLE STATEMENT
Title R v Huelin (VO) ex p Murphy; R v Hodgetts (VO) ex p Nationwide Building Society
260 ## - PUBLICATION, DISTRIBUTION, ETC.
Date of publication, distribution, etc. 2001
490 ## - SERIES STATEMENT
Series statement Rating Appeals
Volume/sequential designation [2001] RA 30-40(11)
520 ## - SUMMARY, ETC.
Summary, etc. CA 2 November 1999. Transitional relief. Base Liability. Rateable value. Reduced rateable value for 31 March 1990. Certificate of transitional value [taken from journal headnote].
650 ## - SUBJECT ADDED ENTRY--TOPICAL TERM
Topical term or geographic name entry element R V HUELIN (VO) EX P MURPHY LTD
650 ## - SUBJECT ADDED ENTRY--TOPICAL TERM
Topical term or geographic name entry element R V HODGETTS (VO) EX P NATIONWIDE BUILDING SOCIETY
650 ## - SUBJECT ADDED ENTRY--TOPICAL TERM
Topical term or geographic name entry element TRANSITIONAL RELIEF
650 ## - SUBJECT ADDED ENTRY--TOPICAL TERM
Topical term or geographic name entry element RATEABLE VALUE
690 ## - LOCAL SUBJECT ADDED ENTRY--TOPICAL TERM (OCLC, RLIN)
Topical term or geographic name as entry element RATING AND LOCAL TAXATION-CASE LAW
942 ## - ADDED ENTRY ELEMENTS (KOHA)
Suppress in OPAC 0
Holdings
Withdrawn status Lost status Source of classification or shelving scheme Damaged status Not for loan Home library Current library Shelving location Date acquired Total Checkouts Full call number Barcode Date last seen Copy number Price effective from Koha item type
    Dewey Decimal Classification     London London Journals 08/03/2001   X111308 111308-1001 06/08/2019 1 06/08/2019 Law report